Representacin̤ de la comunidad de propietarios y legitimacin̤ individual del comunero en la propiedad horizontal

Detalles Bibliográficos
Autor principal: Gonzl̀ez Carrasco, M® del Carmen
Formato: Desconocido
Lenguaje:español
Publicado: Barcelona : Jos ̌Mara̕ Bosch, 1997
Materias:
Acceso en línea:Acceso restringido

MARC

LEADER 00000ny a22000003n 4500
005 20110622114936.0
008 990126s1997 sp s 000 0 spa c
017 |a Z1793-1997 
020 |a 9788476984550 
035 |a 1169 
040 |a UMA.DER  |d vlex 
080 |a 347.238.3(460) 
090 |c 1245  |d 1245 
100 1 |a Gonzl̀ez Carrasco, M® del Carmen 
245 1 0 |a Representacin̤ de la comunidad de propietarios y legitimacin̤ individual del comunero en la propiedad horizontal  |h [Recurso electrn̤ico]  |c Mara̕ del Carmen Gonzl̀ez Carrasco 
256 |a Servicio en ln̕ea 
260 |a Barcelona :  |b Jos ̌Mara̕ Bosch,  |c 1997 
300 |a 318 p. ;  |c 24 cm 
504 |a Bibliografa̕:p.295-310 
506 1 |a Contenido solo disponible en los productos indicados  |d vLex Global  |d vLex Global (Academic Edition, excluding Law Schools)  |d vLex Global (U.S. Academic Edition, Law Schools)  |d vLex Global (U.S. Academic Edition, excluding Law Schools)  |d vLex Global (Academic Edition, Law Schools) 
650 0 7 |a Propiedad horizontal  |2 Tesauro vLex 
650 0 7 |a Comunidad de propietarios  |2 Tesauro vLex 
740 0 |a vLex Libros (Servicios en ln̕ea) 
856 4 0 |z Acceso restringido  |u http://vlex.com/source/comunidad-propietarios-legitimacion-comunero-1169 
942 |c BOOK